00337nam a2200133Ia 4500008004100000100005400041245003700095250001200132260001500144300000800159650001400167942000700181999001500188190216s9999||||xx |||||||||||||| ||und|| aSubhash Chandra Rastogi And Satish Kumar Agarwala 0aStudy Of Co-Ordination Compounds a6th Ed. bNullc1969 a145 aChemistry cBK c2577d2577